000 00801nam a2200289 a 4500
001 41405
003 AR-BaAGN
005 20231223063308.0
007 ta
008 220625s1998 ag |||||r|||| ||||||spa d
020 _a950-518-650-9
040 _dAR-BaAGN
_aAR-BaAGN
_bspa
_eaacr
100 1 _aMc
245 1 0 _aLa acción de los medios-Los medios de comunicación y el interés público
260 _aBuenos Aires :
_bAmorrortu,
_c1998.
300 _a496 páginas
336 _2rdacontent
_btxt
337 _2rdamedia
_bn
338 _2rdacarrier
_bnc
490 0 _aBiblioteca de comunicación, cultura y medios
650 4 _aCOMUNICACIÓN
_9657
650 4 _aMEDIOS DE COMUNICACIÓN
_91244
650 4 _aSOCIOLOGÍA
_91987
700 1 _aQuail, Denis
942 _cLIBRO
999 _c41405
_d41405